M-Letter Subdivisions of North America - Statistics

General Stats
  • This quiz has been taken 23 times
  • The average score is 21 of 32
Answer Stats
Country Subdivision Type Answer % Correct
United States State Maine
100%
United States State Michigan
100%
United States State Minnesota
100%
United States State Maryland
93%
United States State Massachusetts
93%
Mexico State México
93%
United States State Mississippi
93%
United States State Montana
93%
Mexico District Mexico City
86%
United States State Missouri
86%
Canada Province Manitoba
79%
France Region Martinique
79%
Nicaragua Department Managua
71%
Mexico State Michoacán
71%
Mexico State Morelos
71%
United Kingdom Territory Montserrat
64%
Jamaica Parish Manchester
57%
Nicaragua Department Madriz
50%
Bahamas District Mangrove Cay
50%
Nicaragua Department Masaya
50%
Nicaragua Department Matagalpa
50%
Cuba Province Matanzas
50%
Cuba Province Mayabeque
50%
Bahamas District Mayaguana
50%
Saint Lucia District Micoud
43%
Dominican Republic Province Monseñor Nouel
43%
Dominican Republic Province Monte Cristi
43%
Dominican Republic Province Monte Plata
43%
Bahamas District Moores Island
43%
El Salvador Department Morazán
43%
Dominican Republic Province María Trinidad Sánchez
29%
Trinidad and Tobago Region Mayaro–Rio Claro
21%
No matching quizzes found
Score Distribution
Percent of People with Each Score
Percentile by Number Answered
Your Score History
You have not taken this quiz